000 01048nam a2200277 i 4500
001 191410
003 ES-MaACL
005 20251013231946.0
008 220922s19830000xxk d 000 0 eng a
020 _a0198611315
020 _a0198611323
040 _aDEUSTO.
_bspa
080 _a802.0-3
080 _a(038)=111
245 0 4 _aThe concise Oxford dictionary of current English :
_bbased on the Oxford English dictionary and its supplements /
_cedited by H. W. Fowler and F. G. Fowler, based on the Oxford dictionary.
250 _a7th ed., repr. (with corrections) 1983 / edited by J.B. Sykes.
260 _aOxford :
_bClarendon,
_c1983.
300 _aXXVII, 1264 p. ;
_c19 cm.
650 0 4 _aLengua inglesa-
_vDiccionarios.
_914269
700 1 _aFowler, Henry Watson,
_d1858-1933
_9175232
700 1 _aFowler, Francis George,
_d1870-1918
_9175233
700 1 _aSykes, J. B.
_9200812
852 _aES-MaACL
_jA-15220
_9198610
_bR.119167
_cDEPO1
_dOlim: DIC-L 111 con
_dOlim: Meseton
942 _2udc
999 _c191410
_d191410